书目信息 |
| 题名: |
上班族英语急救站
|
|
| 作者: | 刘哲 , 何林 主编 | |
| 分册: | ||
| 出版信息: | 天津 天津科技翻译出版公司 2009.01 |
|
| 页数: | 130页 | |
| 开本: | 21cm | |
| 丛书名: | 职场英语想说就说系列 | |
| 单 册: | ||
| 中图分类: | H319.9 | |
| 科图分类: | ||
| 主题词: | 英语--ying yu--口语 | |
| 电子资源: | ||
| ISBN: | 978-7-5433-2382-7 | |
| 000 | 01072nam 2200289 450 | |
| 001 | 012009037792 | |
| 005 | 20090525171501.75 | |
| 010 | @a978-7-5433-2382-7@dCNY15.00 (含光盘) | |
| 010 | @a978-7-900769-05-3@b光盘 | |
| 100 | @a20090525d2009 em y0chiy0120 ea | |
| 101 | 0 | @achi@aeng |
| 102 | @aCN@b120000 | |
| 105 | @aa z 000yy | |
| 106 | @ar | |
| 200 | 1 | @a上班族英语急救站@Ashang ban zu ying yu ji jiu zhan@d= Office English handbook@f刘哲, 何林主编@Fliu zhe,he lin zhu bian@zeng |
| 210 | @a天津@c天津科技翻译出版公司@d2009.01 | |
| 215 | @a130页@c图@d21cm@e光盘1片 | |
| 225 | 2 | @a职场英语想说就说系列@Azhi chang ying yu xiang shuo jiu shuo xi lie |
| 330 | @a本书在内容结构上分典型例句、注释、生词与词组、应用举例和替换句型。典型例句强调实用性。注释介绍必要的知识背景等。 | |
| 410 | 0 | @12001 @a职场英语想说就说系列 |
| 510 | 1 | @aOffice English handbook@zeng |
| 606 | 0 | @a英语@Aying yu@x口语 |
| 690 | @aH319.9@v4 | |
| 701 | 0 | @a刘哲@Aliu zhe@4主编 |
| 701 | 0 | @a何林@Ahe lin@4主编 |
| 801 | 0 | @aCN@bQSSK@c20090525 |
| 905 | @b743419-21@dH319.9@eL731@f3 | |
| 上班族英语急救站= Office English handbook/刘哲, 何林主编.-天津:天津科技翻译出版公司,2009.01 |
| 130页:图;21cm+光盘1片.-(职场英语想说就说系列) |
| ISBN 978-7-5433-2382-7:CNY15.00 (含光盘) |
| 本书在内容结构上分典型例句、注释、生词与词组、应用举例和替换句型。典型例句强调实用性。注释介绍必要的知识背景等。 |
| ● |
| 相关链接 |
|
|
|
正题名:上班族英语急救站
索取号:H319.9/L731
 
预约/预借
| 序号 | 登录号 | 条形码 | 馆藏地/架位号 | 状态 | 备注 |
| 1 | 743419 | 207434196 | 语言库209/209语言库 60排7列4层/ [索取号:H319.9/L731] | 在馆 | |
| 2 | 743420 | 207434203 | 语言库209/209语言库 60排7列4层/ [索取号:H319.9/L731] | 在馆 | |
| 3 | 743421 | 207434212 | 语言库209/209语言库 60排7列4层/ [索取号:H319.9/L731] | 在馆 |